[Event "HUN-chT2 Charousek 0708"]
[Site "Hungary"]
[Date "2007.11.25"]
[Round "3"]
[White "Nemeth, Denes"]
[Black "Neber, Zsolt"]
[Result "1-0"]
[WhiteElo "2007"]
[BlackElo "2103"]
[PlyCount "53"]
[EventDate "2007.10.14"]
[EventType "team"]
[EventRounds "11"]
[EventCountry "HUN"]
[SourceTitle "EXT 2009"]
[Source "ChessBase"]
[SourceDate "2008.11.26"]
[SourceVersion "1"]
[SourceVersionDate "2008.11.26"]
[SourceQuality "1"]
[WhiteTeam "Haladas II"]
[BlackTeam "Szenna Pack"]
[WhiteTeamCountry "HUN"]
[BlackTeamCountry "HUN"]

1. d4 d5 2. c4 dxc4 3. Nf3 Nf6 4. Nc3 e6 5. e4 c5 6. d5 exd5 7. e5 Ng8 8. Nxd5 Be6 9. Bxc4 Ne7 10. Qa4+ Nbc6 11. Bg5 Bxd5 12. 0-0-0 Qa5 13. Qxa5 Nxa5 14. Bxd5 h6 15. Bxe7 Bxe7 16. e6 f6 17. g4 0-0 18. Nh4 Rad8 19. f4 Rfe8 20. Ng6 Rd6 21. Be4 Rxe6 22. Bd5 Kh7 23. Bxe6 Kxg6 24. Rd7 Nc6 25. Rxb7 Nd4 26. f5+ Kg5 27. Bf7 1-0

[Event "HUN-chT2 Asztalos 0506"]
[Site "Hungary"]
[Date "2006.03.19"]
[Round "9"]
[White "Neber, Zsolt"]
[Black "Pap, Peter"]
[Result "1/2-1/2"]
[WhiteElo "2095"]
[BlackElo "2099"]
[PlyCount "21"]
[EventDate "2005.10.16"]
[EventType "team"]
[EventRounds "11"]
[EventCountry "HUN"]
[SourceTitle "EXT 2009"]
[Source "ChessBase"]
[SourceDate "2008.11.26"]
[SourceVersion "1"]
[SourceVersionDate "2008.11.26"]
[SourceQuality "1"]
[WhiteTeam "Szenna Pack II"]
[BlackTeam "OK Travel"]
[WhiteTeamCountry "HUN"]
[BlackTeamCountry "HUN"]

1. e4 c6 2. d4 d5 3. exd5 cxd5 4. Bd3 Nf6 5. Bf4 Bg4 6. f3 Bh5 7. Ne2 Nc6 8. c3 e6 9. 0-0 Be7 10. Re1 0-0 11. Bg3 1/2-1/2

[Event "HUN-chT2 Asztalos 0203"]
[Site "Hungary"]
[Date "2002.11.24"]
[Round "3"]
[White "Toth, Pal"]
[Black "Neber, Zsolt"]
[Result "1/2-1/2"]
[WhiteElo "2120"]
[BlackElo "2083"]
[PlyCount "26"]
[EventDate "2002.09.22"]
[EventType "team"]
[EventRounds "11"]
[EventCountry "HUN"]
[SourceTitle "EXT 2009"]
[Source "ChessBase"]
[SourceDate "2008.11.26"]
[SourceVersion "1"]
[SourceVersionDate "2008.11.26"]
[SourceQuality "1"]

1. d4 d5 2. c4 dxc4 3. Nc3 Nf6 4. Nf3 e6 5. e4 a6 6. Bxc4 b5 7. Bd3 Bb7 8. Bg5 Be7 9. 0-0 Nbd7 10. Qe2 h6 11. Bf4 c5 12. Rad1 cxd4 13. Nxd4 Qb6 1/2-1/2

[Event "HUN-chT2 Asztalos 0203"]
[Site "Hungary"]
[Date "2002.09.22"]
[Round "1"]
[White "Sebestyen, Balazs"]
[Black "Neber, Zsolt"]
[Result "1/2-1/2"]
[WhiteElo "2308"]
[BlackElo "2083"]
[PlyCount "56"]
[EventDate "2002.09.22"]
[EventType "team"]
[EventRounds "11"]
[EventCountry "HUN"]
[SourceTitle "EXT 2009"]
[Source "ChessBase"]
[SourceDate "2008.11.26"]
[SourceVersion "1"]
[SourceVersionDate "2008.11.26"]
[SourceQuality "1"]

1. d4 d5 2. Nc3 Bf5 3. f3 e6 4. e4 Bg6 5. h4 h6 6. h5 Bh7 7. Be3 Be7 8. Nh3 Nf6 9. Nf2 dxe4 10. fxe4 c6 11. Qf3 Nbd7 12. Bd3 Bg8 13. 0-0-0 Qa5 14. Kb1 e5 15. d5 cxd5 16. Nxd5 Nxd5 17. exd5 Nf6 18. d6 Bxd6 19. Bf5 Qc7 20. Rd3 Bh7 21. Rhd1 Bxf5 22. Qxf5 Rd8 23. g4 Be7 24. Rxd8+ Bxd8 25. Nd3 Nd7 26. Nb4 Nf6 27. Nd3 Nd7 28. Nb4 Nf6 1/2-1/2

[Event "HUN-chT2 0102"]
[Site "Hungary"]
[Date "2001.12.02"]
[Round "4"]
[White "Vertetics, Attila"]
[Black "Neber, Zsolt"]
[Result "1/2-1/2"]
[WhiteElo "2067"]
[BlackElo "2082"]
[PlyCount "25"]
[EventDate "2001.??.??"]
[EventType "team"]
[EventRounds "11"]
[EventCountry "HUN"]
[SourceTitle "EXT 2004"]
[Source "ChessBase"]
[SourceDate "2003.11.25"]
[SourceVersion "1"]
[SourceVersionDate "2003.11.25"]
[SourceQuality "1"]

1. d4 d5 2. Nf3 Nf6 3. c4 dxc4 4. e3 a6 5. Bxc4 b5 6. Bb3 Bb7 7. 0-0 e6 8. Qe2 c5 9. dxc5 Bxc5 10. Bd2 Nbd7 11. Rd1 Qb6 12. Bc3 0-0 13. Nbd2 1/2-1/2

[Event "Cerbona op 3rd"]
[Site "Kaposvar"]
[Date "2001.07.17"]
[Round "6.15"]
[White "Neber, Zsolt"]
[Black "Ladanyi, Zsolt"]
[Result "1-0"]
[WhiteElo "2082"]
[BlackElo "2091"]
[PlyCount "69"]
[EventDate "2001.07.12"]
[EventType "swiss"]
[EventRounds "9"]
[EventCountry "HUN"]
[SourceTitle "EXT 2004"]
[Source "ChessBase"]
[SourceDate "2003.11.25"]
[SourceVersion "1"]
[SourceVersionDate "2003.11.25"]
[SourceQuality "1"]

1. e4 e5 2. Nf3 d6 3. Nc3 Nf6 4. d4 Nbd7 5. Bc4 Be7 6. h3 0-0 7. Be3 c6 8. a4 b6 9. Qd2 Qc7 10. Ba2 Ba6 11. Nh2 Rfe8 12. f3 Nh5 13. 0-0-0 Ng3 14. Rhg1 Rad8 15. Bf2 Nh5 16. Nf1 Nf8 17. Be3 Ng6 18. g3 Bc8 19. h4 h6 20. Bxh6 exd4 21. Ne2 c5 22. g4 Nf6 23. h5 Ne5 24. Qg5 Nxh5 25. Qxh5 gxh6 26. f4 Nxg4 27. Bxf7+ Kf8 28. Qg6 Bf6 29. Bxe8 Rxe8 30. Rxg4 Bxg4 31. Qxf6+ Qf7 32. Qxh6+ Kg8 33. Rd3 Rxe4 34. Rg3 Qf5 35. Nh2 1-0

[Event "Cerbona op 3rd"]
[Site "Kaposvar"]
[Date "2001.07.16"]
[Round "5.12"]
[White "Amrein, Roland"]
[Black "Neber, Zsolt"]
[Result "1-0"]
[WhiteElo "2308"]
[BlackElo "2082"]
[PlyCount "43"]
[EventDate "2001.07.12"]
[EventType "swiss"]
[EventRounds "9"]
[EventCountry "HUN"]
[SourceTitle "EXT 2004"]
[Source "ChessBase"]
[SourceDate "2003.11.25"]
[SourceVersion "1"]
[SourceVersionDate "2003.11.25"]
[SourceQuality "1"]

1. e4 c5 2. Nf3 Nc6 3. d4 cxd4 4. Nxd4 e5 5. Nb5 d6 6. c4 Be7 7. b3 Be6 8. Bd3 Rc8 9. 0-0 Nf6 10. N1c3 a6 11. Na3 0-0 12. Nc2 Ne8 13. Be3 Kh8 14. Qd2 f5 15. exf5 Bxf5 16. Bxf5 Rxf5 17. Ne4 h6 18. Rad1 Qa5 19. Bxh6 gxh6 20. Qxh6+ Kg8 21. Qe6+ Rf7 22. Qxc8 1-0

[Event "Cerbona op 3rd"]
[Site "Kaposvar"]
[Date "2001.07.12"]
[Round "1.11"]
[White "Kragelj, Igor"]
[Black "Neber, Zsolt"]
[Result "1-0"]
[WhiteElo "2274"]
[BlackElo "2082"]
[PlyCount "83"]
[EventDate "2001.07.12"]
[EventType "swiss"]
[EventRounds "9"]
[EventCountry "HUN"]
[SourceTitle "EXT 2004"]
[Source "ChessBase"]
[SourceDate "2003.11.25"]
[SourceVersion "1"]
[SourceVersionDate "2003.11.25"]
[SourceQuality "1"]

1. d4 d5 2. c4 dxc4 3. Nf3 e6 4. e3 a6 5. Bxc4 b5 6. Bd3 Bb7 7. a4 b4 8. 0-0 Nf6 9. Qe2 c5 10. Nbd2 Nc6 11. Nb3 Nd7 12. Bd2 Qb6 13. a5 Qa7 14. Rfc1 Be7 15. Rc2 cxd4 16. exd4 Nf6 17. Rac1 Rc8 18. Ne5 Qa8 19. Nc4 Nd7 20. d5 Nd8 21. Nd4 0-0 22. dxe6 fxe6 23. Nxe6 Rf6 24. Nxd8 Bxd8 25. Qg4 Nf8 26. Bxb4 Bc7 27. Nb6 Bxb6 28. Rxc8 Bxf2+ 29. Kh1 Bxc8 30. Rxc8 Rc6 31. Rxc6 Qxc6 32. Qc4+ Qe6 33. Qxe6+ Nxe6 34. Bxa6 Kf7 35. Bc4 Kf6 36. a6 Nc7 37. Bc3+ Kg5 38. g3 g6 39. Kg2 Bb6 40. Kf3 Kf5 41. g4+ Kg5 42. Be5 1-0

[Event "HUN-chT2 Charousek 0001"]
[Site "Hungary"]
[Date "2001.02.04"]
[Round "6"]
[White "Kocsis, Attila"]
[Black "Neber, Zsolt"]
[Result "1/2-1/2"]
[WhiteElo "1572"]
[BlackElo "2075"]
[PlyCount "76"]
[EventDate "2000.11.26"]
[EventType "team"]
[EventRounds "11"]
[EventCountry "HUN"]
[SourceTitle "EXT 2007"]
[Source "ChessBase"]
[SourceDate "2006.11.23"]
[SourceVersion "1"]
[SourceVersionDate "2006.11.23"]
[SourceQuality "1"]
[WhiteTeam "Gyor Elektromos"]
[BlackTeam "Szenna Pack"]
[WhiteTeamCountry "HUN"]
[BlackTeamCountry "HUN"]

1. e4 c5 2. Nf3 Nc6 3. Bb5 g6 4. Bxc6 dxc6 5. 0-0 Bg7 6. Re1 Nf6 7. Nc3 0-0 8. d3 h6 9. Be3 b6 10. Qc1 Kh7 11. h3 Be6 12. Ne5 Qc8 13. f4 Nd7 14. Nf3 Rg8 15. Qd2 Nf6 16. Kh2 Qc7 17. Rg1 Rad8 18. g4 Ne8 19. Kh1 Nd6 20. Qf2 Nb5 21. Nxb5 cxb5 22. f5 Bc8 23. Rab1 Rh8 24. Qh2 Qxh2+ 25. Kxh2 g5 26. Rgd1 Bb7 27. Kg3 b4 28. b3 Bc3 29. h4 f6 30. Rh1 Kg7 31. Rbd1 Kf7 32. Bd2 Bxd2 33. Rxd2 e5 34. hxg5 hxg5 35. Rxh8 Rxh8 36. Rh2 Rxh2 37. Nxh2 Ke7 38. Kf2 Bc6 1/2-1/2

[Event "HUN-ch U16"]
[Site "Balatonlelle"]
[Date "2001.??.??"]
[Round "4"]
[White "Meszaros, Tamas"]
[Black "Neber, Zsolt"]
[Result "1-0"]
[WhiteElo "2239"]
[BlackElo "2073"]
[PlyCount "67"]
[EventDate "2001.??.??"]
[EventType "swiss"]
[EventRounds "9"]
[EventCountry "HUN"]
[SourceTitle "EXT 2002"]
[Source "ChessBase"]
[SourceDate "2001.11.25"]
[SourceVersion "1"]
[SourceVersionDate "2001.11.25"]
[SourceQuality "1"]

1. e4 c5 2. Nf3 Nc6 3. d4 cxd4 4. Nxd4 e5 5. Nb5 d6 6. N1c3 a6 7. Na3 Be6 8. Nc4 Be7 9. Nd5 Bxd5 10. exd5 Nb8 11. a4 Nd7 12. a5 f5 13. Qf3 g6 14. h4 Ngf6 15. h5 Rg8 16. hxg6 hxg6 17. Bg5 Rc8 18. 0-0-0 Qc7 19. Bxf6 Nxf6 20. Kb1 Qc5 21. Qb3 Rc7 22. f3 Bd8 23. Rd2 Rd7 24. Qa4 Nxd5 25. Be2 Qc6 26. Qa3 Bc7 27. Rhd1 Nf6 28. Nxd6+ Kd8 29. Qb4 b5 30. axb6 Bxb6 31. Bxa6 Be3 32. Nb7+ Kc7 33. Rxd7+ Nxd7 34. Bb5 1-0

[Event "Pannon Cup 2nd"]
[Site "Kaposvar "]
[Date "2000.??.??"]
[Round "9"]
[White "Kadlicsko, Jozsef"]
[Black "Neber, Zsolt"]
[Result "1/2-1/2"]
[WhiteElo "2123"]
[BlackElo "2075"]
[PlyCount "106"]
[EventDate "2000.07.13"]
[EventType "swiss"]
[EventRounds "9"]
[EventCountry "HUN"]
[SourceTitle "EXT 2004"]
[Source "ChessBase"]
[SourceDate "2003.11.25"]
[SourceVersion "1"]
[SourceVersionDate "2003.11.25"]
[SourceQuality "1"]

1. c4 c5 2. Nf3 Nc6 3. g3 g6 4. Bg2 Bg7 5. 0-0 d6 6. Nc3 Nf6 7. Rb1 0-0 8. a3 Be6 9. d3 d5 10. Ng5 h6 11. Nxe6 fxe6 12. e3 a6 13. Qc2 Kh7 14. Ne2 d4 15. b4 cxb4 16. Bxc6 bxc6 17. Nxd4 Qd7 18. axb4 Rad8 19. Rb3 e5 20. Nf3 Qf5 21. Ne1 h5 22. f3 h4 23. Qg2 hxg3 24. hxg3 Rh8 25. e4 Qd7 26. Be3 Bh6 27. Bxh6 Kxh6 28. g4 Kg7 29. Qb2 Qe6 30. Rf2 Rh4 31. Rh2 Rxh2 32. Qxh2 Rh8 33. Qe2 Qd6 34. Kg2 Qd4 35. Nc2 Qd8 36. Rb1 Qd6 37. c5 Qe6 38. Ra1 Rh7 39. Rxa6 Qg8 40. Qf2 Qc8 41. Ra2 Nxg4 42. fxg4 Qxg4+ 43. Qg3 Qe2+ 44. Kg1 Rh5 45. b5 Qd2 46. b6 Rg5 47. Qxg5 Qxg5+ 48. Kf1 Qc1+ 49. Ne1 Qxc5 50. Rb2 Qa3 51. Rb1 Qa2 52. Rb4 Qa3 53. Rb1 Qa2 1/2-1/2